000 004260000a22001810004500
003 MACL
005 20160130161030.0
008 160130b xxu||||| |||| 00| 0 eng d
040 _aMACL
_cMACL
041 _aEnglish
082 _a510/CHA
100 _aAggarwal,R.S.
_933562
245 _aQuantiative Aptitude
260 _aNew Delhi
_bS.Chand
_c2012
350 _a500
650 _amaths
_936272
942 _cBK
_k510/CHA
_2ddc
999 _c48263
_d48263